Biosynthesis and enzymic hydrolysis of penicillins and cephalosporins
Bewaard in:
| Hoofdauteur: | |
|---|---|
| Formaat: | Boek |
| Taal: | Undetermined |
| Gepubliceerd in: |
Tokyo
University of Tokyo Press
1974
|
| Onderwerpen: | |
| Tags: |
Voeg label toe
Geen labels, Wees de eerste die dit record labelt!
|
| Thư viện lưu trữ: | Trung tâm Học liệu Trường Đại học Cần Thơ |
|---|
| LEADER | 00539nam a2200181Ia 4500 | ||
|---|---|---|---|
| 001 | CTU_80006 | ||
| 008 | 210402s9999 xx 000 0 und d | ||
| 082 | |a 615.329 | ||
| 082 | |b A159 | ||
| 100 | |a Abraham, E. P. | ||
| 245 | 0 | |a Biosynthesis and enzymic hydrolysis of penicillins and cephalosporins | |
| 245 | 0 | |c E. P. Abraham | |
| 260 | |a Tokyo | ||
| 260 | |b University of Tokyo Press | ||
| 260 | |c 1974 | ||
| 650 | |a Biosynthesis,Enzymic,Penicillin | ||
| 904 | |i Trọng Hải | ||
| 980 | |a Trung tâm Học liệu Trường Đại học Cần Thơ | ||